Taylor Swift Movies - Statistics

General Stats
  • This quiz has been taken 122 times
    2 since last reset
  • The average score is 3 of 29
Answer Stats
Year Movie % Correct
2019 Cats
100%
2022 Amsterdam
50%
2012 The Hunger Games
50%
2012 The Lorax
50%
2022 DC League of Super-Pets
0%
2017 Fifty Shades Darker
0%
2009 Hannah Montana: The Movie
0%
2016 How to Be Single
0%
2024 It Ends with Us
0%
2010 Letters to Juliet
0%
2019 Little Monsters
0%
2023 Migration
0%
2015 Norm of the North
0%
2013 One Chance
0%
2026 People We Meet on Vacation
0%
2015 Pitch Perfect 2
0%
2010 Ramona & Beezus
0%
2022 Rosaline
0%
2015 San Andreas
0%
2016 Sing
0%
2021 Sing 2
0%
2021 Spirit: Untamed
0%
2024 The Fall Guy
0%
2014 The Giver
0%
2016 The Secret Life of Pets
0%
2026 Toy Story 5
0%
2016 True Memoirs of an International Assassin
0%
2010 Valentine's Day
0%
2022 Where the Crawdads Sing
0%
No matching quizzes found
Score Distribution
Percent of People with Each Score
Percentile by Number Answered
Your Score History
You have not taken this quiz since the last reset